Online
Catalog

"Chalcographies du Louvre" : "L´Héritage classique interprété par des artistas contemporains = Calcografías del Louvre : "El legado clásico interpretado por artistas contemporáneos" / (Record no. 30637)

MARC details
000 -CABECERA
campo de control de longitud fija 00881nam a2200193 a 4500
001 - NÚMERO DE CONTROL
campo de control 000031145
005 - FECHA Y HORA DE LA ÚLTIMA TRANSACCIÓN
campo de control 20200930062731.0
008 - DATOS DE LONGITUD FIJA--INFORMACIÓN GENERAL
campo de control de longitud fija 110614s2005 dr a 000 0 spa d
040 ## - FUENTE DE LA CATALOGACIÓN
Centro catalogador/agencia de origen DO-SdBNP
Lengua de catalogación spa
Centro/agencia transcriptor BNPHU
041 17 - CÓDIGO DE LENGUA
Código de lengua del texto/banda sonora o título independiente spa
Código de lengua original fre
Fuente del código Código de idioma MARC
082 ## - NÚMERO DE LA CLASIFICACIÓN DECIMAL DEWEY
Número de clasificación xxxx
Número de documento/Ítem C436
049 ## - FONDOS LOCALES (OCLC)
Fondos de biblioteca BNPD
245 00 - MENCIÓN DE TÍTULO
Título "Chalcographies du Louvre" : "L´Héritage classique interprété par des artistas contemporains = Calcografías del Louvre : "El legado clásico interpretado por artistas contemporáneos" /
Mención de responsabilidad, etc. texto Pascal Torres Guardiola.
246 02 - FORMA VARIANTE DE TÍTULO
Título propio/Titulo breve Calcografías del Louvre : "El legado clásico interpretado por artistas contemporáneos"
260 ## - PUBLICACIÓN, DISTRIBUCIÓN, ETC.
Lugar de publicación, distribución, etc. Santo Domingo :
Nombre del editor, distribuidor, etc. Museo Bellapart,
Fecha de publicación, distribución, etc. 2005.
300 ## - DESCRIPCIÓN FÍSICA
Extensión 132 p. :
Otras características físicas il., retrs ;
Dimensiones 26 cm.
500 ## - NOTA GENERAL
Nota general Exposición presentada en el Museo de Bellapart en septiembre-octubre 2005
700 1# - PUNTO DE ACCESO ADICIONAL--NOMBRE DE PERSONA
Nombre de persona Torres Guardiola, Pascal
9 (RLIN) 57619
Holdings
Estado de retiro Estado de pérdida No para préstamo Código de colección Localización permanente Ubicación/localización actual Ubicación en estantería Fecha de adquisición Número de inventario Total de préstamos Signatura topográfica completa Código de barras Fecha visto por última vez Precio válido a partir de Tipo de ítem Koha
      Patrimonio Dominicano Patrimonio Dominicano Patrimonio Dominicano Orden iniciada 14.06.2011 LF1   xxxx C436 31145-10 25.06.2020 25.06.2020 Libro y Folleto Colección Patrimonio Dominicano

Powered by Koha